[Event "Veletrzni turnaj 2020"]
[Site "Brno"]
[Date "2020.08.27"]
[Round "6.10"]
[White "Sikora, Lukas"]
[Black "Rehurek, Karel"]
[Result "0-1"]
[WhiteElo "1946"]
[BlackElo "1755"]
[PlyCount "48"]
[EventDate "2020.08.23"]

1. d4 Nf6 2. c4 g6 3. Nc3 d5 4. cxd5 Nxd5 5. e4 Nxc3 6. bxc3 Bg7 7. Nf3 O-O 8.
Rb1 c5 9. d5 Bxc3+ 10. Bd2 Bxd2+ 11. Qxd2 b6 12. h4 Nd7 13. h5 Nf6 14. hxg6
fxg6 15. Qh6 Rf7 16. Ne5 Rg7 17. Nc6 Qd6 18. e5 Qxd5 19. exf6 Qe4+ 20. Kd2 exf6
21. Re1 Rd7+ 22. Bd3 Qxd3+ 23. Kc1 Qc3+ 24. Kb1 Rd1+ 0-1

[Event "Veletrzni turnaj 2020"]
[Site "Brno"]
[Date "2020.08.27"]
[Round "6.11"]
[White "Marsa, Alexandr"]
[Black "Vaculik, Martin"]
[Result "1/2-1/2"]
[WhiteElo "1871"]
[BlackElo "1795"]
[PlyCount "42"]
[EventDate "2020.08.23"]

1. d4 Nf6 2. c4 e6 3. Nc3 Bb4 4. Qb3 c5 5. dxc5 Nc6 6. Bg5 h6 7. Bxf6 Qxf6 8.
Nf3 Bxc5 9. Ne4 Qf5 10. Nxc5 Qxc5 11. e3 b6 12. Qc3 O-O 13. Rc1 Bb7 14. Be2 d5
15. O-O dxc4 16. Bxc4 Rac8 17. Be2 Qxc3 18. Rxc3 Nb4 19. Rxc8 Rxc8 20. a3 Nd5
21. Bd3 Nf6 1/2-1/2

[Event "Veletrzni turnaj 2020"]
[Site "Brno"]
[Date "2020.08.27"]
[Round "6.12"]
[White "Prokop, Jiri"]
[Black "Zeman, Arnost"]
[Result "1/2-1/2"]
[WhiteElo "1680"]
[BlackElo "1842"]
[PlyCount "21"]
[EventDate "2020.08.23"]

1. f4 d5 2. Nf3 c5 3. e3 a6 4. d4 Nc6 5. c3 c4 6. Be2 Bg4 7. O-O Bxf3 8. Bxf3
f5 9. Nd2 e6 10. Bh5+ g6 11. Be2 1/2-1/2

[Event "Veletrzni turnaj 2020"]
[Site "Brno"]
[Date "2020.08.27"]
[Round "6.13"]
[White "Haupt, Jaromir"]
[Black "Snorek, Milan"]
[Result "1/2-1/2"]
[WhiteElo "1719"]
[BlackElo "1963"]
[PlyCount "139"]
[EventDate "2020.08.23"]

1. c4 Nf6 2. Nc3 d5 3. cxd5 Nxd5 4. Qc2 Nxc3 5. Qxc3 Nc6 6. Nf3 Bg4 7. g3 Qd6 (
7... Qd5 8. Bg2 e5 {-0,44}) 8. Bg2 O-O-O 9. d3 e5 (9... Bxf3 10. Bxf3 Nd4 11.
Bg2 Kb8 {0,00}) 10. Ng5 Bh5 11. Bxc6 Qxc6 12. Qxc6 bxc6 {0,03} 13. Be3 h6 14.
Ne4 f5 15. Nc3 Kb7 16. f3 g5 17. O-O Bb4 18. Rac1 Ba5 19. Na4 Bb6 20. Nxb6 cxb6
21. Rc2 Bf7 22. b4 Rhe8 23. g4 f4 24. Bf2 h5 25. h3 Rh8 26. Kg2 Rd6 27. a3 Rdh6
{-0,78} 28. Bg1 Bd5 29. Kf2 Ka6 30. Rc3 Kb5 31. Ke1 Ka6 32. a4 Kb7 33. Kd2 hxg4
34. hxg4 Rh1 35. Rcc1 R8h7 36. Kc3 R1h3 37. Rb1 e4 38. dxe4 Bxe4 39. Rbd1 Bd5
40. Bd4 R7h6 41. Bg7 Re6 {-0,54} 42. Rf2 Rh7 43. Bd4 Rhe7 44. Rd2 a6 45. a5
Re3+ 46. Rd3 Rxd3+ 47. Kxd3 bxa5 48. bxa5 Re6 49. Rh2 Bb3 50. Rh5 Ba4 51. Rxg5
Bb5+ 52. Kc3 Bxe2 53. Rf5 Bxf3 54. Rxf4 Bd5 55. Rf7+ Kc8 56. Ra7 c5 57. Bxc5
Bb7 58. Kd3 Rg6 59. Kc3 Rxg4 {0,00} 60. Bb6 Rg7 61. Kd4 Rd7+ 62. Kc3 Rd1 63.
Kc2 Rd5 64. Kc3 Rb5 65. Kc4 Rg5 66. Kb4 Kb8 67. Ka4 Rb5 68. Ka3 Kc8 69. Ka4 Rd5
70. Kb4 1/2-1/2

[Event "Veletrzni turnaj 2020"]
[Site "Brno"]
[Date "2020.08.27"]
[Round "6.14"]
[White "Zuziak, Petr"]
[Black "Hayrumyan, Artur"]
[Result "1-0"]
[WhiteElo "1861"]
[BlackElo "1481"]
[PlyCount "70"]
[EventDate "2020.08.23"]

1. Nf3 d6 2. g3 g6 3. Bg2 Bg7 4. d3 Nf6 5. O-O e5 6. e4 O-O 7. Nbd2 c6 8. a4
Be6 9. b4 Qc7 10. c4 Qc8 11. Re1 h6 12. Ba3 Re8 13. Rc1 Bh3 14. Bh1 Nh5 15. c5
d5 16. exd5 cxd5 17. Nh4 g5 18. Bxd5 Nf6 19. Bxf7+ Kxf7 20. Nhf3 Nc6 21. b5 Nd4
22. Nxe5+ Kg8 23. c6 Nd5 24. Bd6 b6 25. Re4 Nf5 26. Ndc4 Re6 27. Ba3 Qc7 28.
Bb2 Rf8 29. Nd7 Rfe8 30. Bxg7 Nxg7 31. Qf3 Bf5 32. Rxe6 Bxe6 33. Nce5 Bf5 34.
Qh5 Bxd7 35. Qf7+ Kh8 1-0

[Event "Veletrzni turnaj 2020"]
[Site "Brno"]
[Date "2020.08.27"]
[Round "6.15"]
[White "Dvorakova, Olga"]
[Black "Lazniewski, Tadeusz"]
[Result "0-1"]
[WhiteElo "1758"]
[BlackElo "1392"]
[PlyCount "57"]
[EventDate "2020.08.23"]

1. d4 d5 2. c4 e6 3. Nc3 c6 4. cxd5 exd5 5. Nf3 Bf5 6. Bf4 Nf6 7. e3 Bd6 8. Bg3
Bxg3 9. hxg3 h6 10. Bd3 Bxd3 11. Qxd3 Qb6 12. Rb1 Na6 13. a3 Nc7 14. O-O Ne6
15. b4 a6 16. a4 O-O 17. Ne5 Rfe8 18. Ne2 Qc7 19. Rfc1 Nd7 20. Nxd7 Qxd7 21. b5
axb5 22. axb5 Qd6 23. bxc6 bxc6 24. Rb6 Ra3 25. Qb1 Rd8 26. Nf4 Raa8 27. Rc5
Rab8 28. Rcb5 Rxb6 29. Rxb6 0-1

[Event "Veletrzni turnaj 2020"]
[Site "Brno"]
[Date "2020.08.27"]
[Round "6.16"]
[White "Lisik, Miroslav"]
[Black "Lukas, Ondrej"]
[Result "1/2-1/2"]
[WhiteElo "1687"]
[BlackElo "1393"]
[PlyCount "74"]
[EventDate "2020.08.23"]

1. e4 c5 2. Nc3 d6 3. f4 Nc6 4. Nf3 e6 5. Bb5 Bd7 6. Bxc6 Bxc6 7. d3 Nf6 8. O-O
Be7 9. Qe1 O-O 10. e5 Nd5 11. Ne4 Nb4 12. Qf2 Bxe4 13. dxe4 Qc7 14. a3 Nc6 15.
exd6 Qxd6 16. e5 Qc7 17. Be3 b6 18. Rad1 Rfd8 19. Rd2 Rxd2 20. Nxd2 Rd8 21. Qe2
Nd4 22. Bxd4 Rxd4 23. Nb3 Rd7 24. Rd1 Qd8 25. Rxd7 Qxd7 26. Qd3 Qxd3 27. cxd3
f6 28. Kf2 fxe5 29. fxe5 Kf7 30. Kf3 Bd8 31. a4 Bc7 32. Ke4 Ke7 33. Nd2 Kd7 34.
Nf3 Bd8 35. g3 a6 36. h4 Be7 37. g4 Kc6 1/2-1/2

[Event "Veletrzni turnaj 2020"]
[Site "Brno"]
[Date "2020.08.27"]
[Round "6.17"]
[White "Marcik, Filip"]
[Black "Tajovsky, Simon"]
[Result "1/2-1/2"]
[WhiteElo "1264"]
[BlackElo "1624"]
[PlyCount "65"]
[EventDate "2020.08.23"]

1. d4 Nf6 2. c4 c5 3. d5 b5 4. cxb5 a6 5. bxa6 g6 6. e3 Bxa6 7. Bxa6 Nxa6 8.
Nc3 d6 9. Nge2 Bg7 10. O-O O-O 11. a3 Qb6 12. Rb1 Nc7 13. e4 Nd7 14. f4 Rfb8
15. Be3 Qa5 16. Qc2 Nb5 17. Nxb5 Rxb5 18. Bd2 Qb6 19. Bc3 Bxc3 20. Nxc3 Rb3 21.
h3 c4+ 22. Kh2 Nc5 23. Na2 Nd3 24. Qxc4 Nxb2 25. Qc2 Raxa3 26. Nc1 Rb4 27. Rf2
Nc4 28. Rxb4 Qxb4 29. Nd3 Qb5 30. Ne1 Ra1 31. Nf3 Qa6 32. Qb3 Qa4 33. Qb6
1/2-1/2

[Event "Veletrzni turnaj 2020"]
[Site "Brno"]
[Date "2020.08.27"]
[Round "6.19"]
[White "Vojtek, Pavel"]
[Black "Mencik, Pavel"]
[Result "0-1"]
[WhiteElo "1352"]
[BlackElo "1853"]
[PlyCount "50"]
[EventDate "2020.08.23"]

1. e4 e5 2. Nf3 f5 3. Nc3 Nf6 4. d3 Bb4 5. exf5 d6 6. Bd2 Bxf5 7. g3 O-O 8. Bg2
c6 9. Ne2 Bxd2+ 10. Qxd2 Nbd7 11. d4 Qc7 12. dxe5 dxe5 13. O-O Rad8 14. Nc3 h6
15. Rfe1 Bg4 16. Qe3 Bxf3 17. Bxf3 a6 18. Rad1 Rde8 19. Bg2 Ng4 20. Qd3 Nxf2
21. Qxd7 Qb6 22. Kf1 Nxd1+ 23. Ke2 Nxc3+ 24. bxc3 Qf2+ 25. Kd1 Rd8 0-1

[Event "Veletrzni turnaj 2020"]
[Site "Brno"]
[Date "2020.08.27"]
[Round "6.20"]
[White "Habinova, Alice"]
[Black "Blazek, Pavel"]
[Result "0-1"]
[WhiteElo "1431"]
[BlackElo "1740"]
[PlyCount "36"]
[EventDate "2020.08.23"]

1. e4 e5 2. f4 Bc5 3. Nf3 d6 4. Nc3 Nc6 5. Bc4 Bg4 6. Na4 Bxf3 7. Qxf3 Nd4 8.
Qd1 exf4 9. Nxc5 Qh4+ 10. Kf1 dxc5 11. c3 Nc6 12. d4 O-O-O 13. Bd5 Nge7 14. Qf3
g5 15. dxc5 Ne5 16. Qe2 Nxd5 17. exd5 Rhe8 18. Qd1 Nd3 0-1

[Event "Veletrzni turnaj 2020"]
[Site "Brno"]
[Date "2020.08.27"]
[Round "6.21"]
[White "Zikan, Karel"]
[Black "Peska, Jan"]
[Result "1-0"]
[WhiteElo "1646"]
[BlackElo "1359"]
[PlyCount "101"]
[EventDate "2020.08.23"]

1. Nf3 Nf6 2. g3 g6 3. Bg2 Bg7 4. c4 c6 5. O-O O-O 6. Nc3 d5 7. cxd5 Nxd5 8.
Nxd5 Qxd5 9. d4 Qd8 10. Bf4 Nd7 11. Qd2 Nf6 12. Bh6 Re8 13. Bxg7 Kxg7 14. e3
Nd7 15. b4 e5 16. dxe5 Nxe5 17. Qc3 Qf6 18. Nxe5 Qxe5 19. Qxe5+ Rxe5 20. Rfd1
Be6 21. Rd2 Bd5 22. Rad1 Bxg2 23. Kxg2 Re7 24. h4 h5 25. Kf3 Rae8 26. Rd7 Kf8
27. a3 Rxd7 28. Rxd7 Re7 29. Rd6 Ke8 30. Kf4 Rc7 31. Rd4 b5 32. Re4+ Kf8 33.
Re5 f6 34. Rc5 Ke7 35. f3 Kd6 36. g4 g5+ 37. hxg5 fxg5+ 38. Kxg5 hxg4 39. Kxg4
a5 40. e4 axb4 41. axb4 Ra7 42. Rc3 Ra4 43. Rb3 c5 44. bxc5+ Kxc5 45. Kf5 Kc4
46. Rb1 b4 47. e5 Ra5 48. Kf6 Rb5 49. e6 b3 50. e7 Rb8 51. f4 1-0

[Event "Veletrzni turnaj 2020"]
[Site "Brno"]
[Date "2020.08.27"]
[Round "6.22"]
[White "Lazniewska, Zofia"]
[Black "Hradek, Matyas"]
[Result "1/2-1/2"]
[WhiteElo "1217"]
[BlackElo "1578"]
[PlyCount "60"]
[EventDate "2020.08.23"]

1. e4 e5 2. Nf3 Nc6 3. Nc3 Nf6 4. d4 exd4 5. Nxd4 Bb4 6. Nxc6 bxc6 7. Bd3 d5 8.
exd5 cxd5 9. O-O O-O 10. Bg5 c6 11. Qf3 Be7 12. h3 Rb8 13. b3 h6 14. Bxh6 Be6
15. Bf4 Bd6 16. Bxd6 Qxd6 17. Ne2 Qb4 18. a3 Qb6 19. Nf4 c5 20. Rfd1 Qc7 21.
Nh5 Nxh5 22. Qxh5 g6 23. Qf3 Kg7 24. Qg3 Qc8 25. Be2 d4 26. Qe5+ Kg8 27. Bd3
Re8 28. Qg3 a5 29. a4 Bf5 30. Re1 Be6 1/2-1/2

[Event "Veletrzni turnaj 2020"]
[Site "Brno"]
[Date "2020.08.27"]
[Round "6.23"]
[White "Ulcak, Michael"]
[Black "Karafiat, Vojtech"]
[Result "0-1"]
[WhiteElo "1552"]
[BlackElo "1179"]
[PlyCount "38"]
[EventDate "2020.08.23"]

1. e4 e5 2. Nf3 Nc6 3. Bc4 Bc5 4. c3 Nf6 5. d3 h6 6. O-O d6 7. Nbd2 O-O 8. Bb3
Be6 9. Bc2 Qd7 10. h3 Ne7 11. Re1 Ng6 12. Nf1 Bxh3 13. gxh3 Qxh3 14. N1h2 Ng4
15. Nxg4 Qxg4+ 16. Kf1 f5 17. exf5 Rxf5 18. d4 Qh3+ 19. Kg1 Rh5 0-1

[Event "Veletrzni turnaj 2020"]
[Site "Brno"]
[Date "2020.08.27"]
[Round "6.26"]
[White "Divos, Jan"]
[Black "Daniel, Antonin"]
[Result "1-0"]
[WhiteElo "1431"]
[BlackElo "1379"]
[PlyCount "61"]
[EventDate "2020.08.23"]

1. d4 d5 2. Bf4 Nf6 3. e3 c6 4. Nd2 h6 5. Bd3 e6 6. Ngf3 Nbd7 7. c3 Be7 8. Qc2
Nh5 9. Bg3 Nf8 10. Ne5 f5 11. Ndf3 Nf6 12. h3 Bd6 13. Bh2 Ne4 14. g4 g6 15.
O-O-O Nxf2 16. Qxf2 Bd7 17. Nxd7 Qxd7 18. Ne5 Bxe5 19. Bxe5 Rh7 20. Rhg1 Rf7
21. Qh4 Rh7 22. gxf5 exf5 23. Qg3 O-O-O 24. Kb1 Qe6 25. h4 Re8 26. Rdf1 Nd7 27.
h5 Nxe5 28. dxe5 Qxe5 29. Qxe5 Rxe5 30. hxg6 Rg7 31. Bxf5+ 1-0

[Event "Veletrzni turnaj 2020"]
[Site "Brno"]
[Date "2020.08.27"]
[Round "6.27"]
[White "Sauman, Petr"]
[Black "Soucek, Andrej"]
[Result "0-1"]
[WhiteElo "1387"]
[BlackElo "1098"]
[PlyCount "75"]
[EventDate "2020.08.23"]

1. d4 Nf6 2. c4 g6 3. Nc3 d5 4. e3 Bg7 5. Nf3 O-O 6. Qc2 c6 7. cxd5 cxd5 8. Be2
Bf5 9. Qd2 Nc6 10. a3 Na5 11. Qd1 Rc8 12. Bd2 Qb6 13. b4 Nc4 14. Na4 Qc6 15.
Rc1 b5 16. Nc5 Ne4 17. O-O Nxc5 18. Bxc4 bxc4 19. bxc5 Bd3 20. Re1 f6 21. Bb4
e5 22. Qd2 e4 23. Nh4 f5 24. g3 g5 25. Ng2 Qg6 26. Red1 h5 27. Ne1 h4 28. Nxd3
cxd3 29. c6 Rf7 30. Qc3 hxg3 31. fxg3 f4 32. exf4 gxf4 33. Rf1 f3 34. Qe1 Bh6
35. Bd2 Bxd2 36. Qxd2 Re7 37. Qa2 Qf5 38. Rc5 0-1

[Event "Veletrzni turnaj 2020"]
[Site "Brno"]
[Date "2020.08.27"]
[Round "6.28"]
[White "Nisztuk, Michal"]
[Black "Brda, Vlastimil"]
[Result "1-0"]
[WhiteElo "1597"]
[BlackElo "1211"]
[PlyCount "59"]
[EventDate "2020.08.23"]

1. e4 c6 2. d4 e6 3. c4 Bb4+ 4. Bd2 Qg5 5. Bxb4 b6 6. Nf3 Qg6 7. Nc3 a5 8. Bd6
Na6 9. Be2 Qxg2 10. Rg1 Qh3 11. Rxg7 Qh6 12. Rg4 Nf6 13. Rh4 Nh5 14. Ne5 Qg5
15. Rxh5 Qg1+ 16. Bf1 f6 17. Qf3 Qg7 18. Qg4 Rg8 19. Qxg7 Rxg7 20. Nf3 c5 21.
dxc5 bxc5 22. Nb5 Kf7 23. a3 Bb7 24. Bf4 Bxe4 25. Nd6+ Kg6 26. Rh3 Bxf3 27.
Rxf3 e5 28. Rg3+ Kh5 29. Be2+ Kh4 30. Nf5# 1-0

[Event "Veletrzni turnaj 2020"]
[Site "Brno"]
[Date "2020.08.27"]
[Round "6.29"]
[White "Saskova, Renata"]
[Black "Zamarska, Dagmar"]
[Result "1-0"]
[WhiteElo "1132"]
[BlackElo "1524"]
[PlyCount "76"]
[EventDate "2020.08.23"]

1. e4 c5 2. c3 d6 3. d4 cxd4 4. cxd4 e6 5. Nf3 Nf6 6. Bd3 Be7 7. O-O O-O 8. Nc3
Nc6 9. Re1 Bd7 10. a3 a6 11. b4 b5 12. Qd2 Qc7 13. Bb2 Qa7 14. d5 Nd4 15. Nxd4
Qxd4 16. Nxb5 Qb6 17. Nc3 Rfe8 18. Rac1 Qb7 19. Bc4 e5 20. Qd3 Qb6 21. h3 Nh5
22. Qf3 Nf4 23. Ne2 Nxe2+ 24. Bxe2 Bg5 25. Rcd1 Ba4 26. Ra1 Rac8 27. Bd3 Bb5
28. Bc1 Bxc1 29. Raxc1 Rxc1 30. Rxc1 Qd4 31. Bxb5 axb5 32. Qe2 Qb6 33. Rc6 Qb8
34. Qc2 Rd8 35. Rc7 f6 36. Qc6 h5 37. Rb7 Qa8 38. Qc7 Qxb7 1-0

[Event "Veletrzni turnaj 2020"]
[Site "Brno"]
[Date "2020.08.27"]
[Round "6.30"]
[White "Neduchal, Jiri"]
[Black "Tokabayev, Alibek"]
[Result "0-1"]
[WhiteElo "1749"]
[BlackElo "1896"]
[PlyCount "73"]
[EventDate "2020.08.23"]

1. d4 Nf6 2. Nf3 b6 3. e3 Bb7 4. Bd3 d6 5. O-O Nbd7 6. Nbd2 e5 7. dxe5 dxe5 8.
e4 Be7 9. Qe2 O-O 10. c3 c5 11. Nc4 Qc7 12. a4 a6 13. Bg5 b5 14. axb5 axb5 15.
Ne3 c4 16. Bc2 Nc5 17. Bxf6 Bxf6 18. Nd5 Bxd5 19. exd5 g6 20. Be4 Qd6 21. Nd2
Rxa1 22. Rxa1 Bg5 23. Nf3 Bh6 24. Bc2 e4 25. Nd4 Qxd5 26. Nxb5 Rb8 27. Na3 Nd3
28. Rb1 Bf8 29. h4 Bc5 30. Bxd3 cxd3 31. Qd1 Bxa3 32. bxa3 Rxb1 33. Qxb1 d2 34.
Qd1 Qd3 35. c4 Qc3 36. Kf1 Qxc4+ 37. Kg1 0-1

[Event "Veletrzni turnaj 2020"]
[Site "Brno"]
[Date "2020.08.28"]
[Round "7.1"]
[White "Glozar, Petr"]
[Black "Vyskocil, Neklan"]
[Result "1/2-1/2"]
[WhiteElo "2010"]
[BlackElo "2294"]
[PlyCount "22"]
[EventDate "2020.08.23"]

1. e4 c5 2. Nf3 e6 3. d4 cxd4 4. Nxd4 Nf6 5. Nc3 d6 6. Bc4 Na6 7. Bg5 Be7 8.
Bxa6 bxa6 9. Nc6 Qb6 10. Nxe7 Kxe7 11. Qd3 Rb8 1/2-1/2

[Event "Veletrzni turnaj 2020"]
[Site "Brno"]
[Date "2020.08.28"]
[Round "7.2"]
[White "Meszaros, Ludek"]
[Black "Tajovsky, Matej"]
[Result "1/2-1/2"]
[WhiteElo "2067"]
[BlackElo "1816"]
[PlyCount "42"]
[EventDate "2020.08.23"]

1. Nf3 Nf6 2. g3 d5 3. Bg2 e6 4. O-O b6 5. d3 Bb7 6. Nbd2 Nbd7 7. Re1 Be7 8. e4
dxe4 9. Ng5 Nc5 10. Ndxe4 Nfxe4 11. Nxe4 Nxe4 12. Bxe4 Bxe4 13. Rxe4 Bf6 14.
Qh5 Qd7 15. a4 a5 16. Qb5 Rd8 17. Bf4 Qxb5 18. axb5 Rd5 19. Rc4 e5 20. Be3 Kd7
21. b4 Rxb5 1/2-1/2

[Event "Veletrzni turnaj 2020"]
[Site "Brno"]
[Date "2020.08.28"]
[Round "7.3"]
[White "Pokorny, Petr"]
[Black "Pelikan, Jaromir"]
[Result "1-0"]
[WhiteElo "2215"]
[BlackElo "1788"]
[PlyCount "51"]
[EventDate "2020.08.23"]

1. d4 Nf6 2. c4 e6 3. Nf3 d5 4. g3 Bb4+ 5. Bd2 Be7 6. Bg2 c6 7. Qc2 O-O 8. O-O
Nbd7 9. Bf4 b6 10. Nbd2 Nh5 11. cxd5 cxd5 12. Bc7 Qe8 13. e4 Bb7 14. Rac1 Bd8
15. Bxd8 Qxd8 16. Qc7 Ba6 17. Rfe1 dxe4 18. Nxe4 Nhf6 19. Ne5 Qxc7 20. Rxc7
Nxe5 21. Nxf6+ gxf6 22. dxe5 Rfc8 23. Re7 Re8 24. Bxa8 Rxe7 25. exf6 Bb7 26.
fxe7 1-0

[Event "Veletrzni turnaj 2020"]
[Site "Brno"]
[Date "2020.08.28"]
[Round "7.4"]
[White "Mares, Jaroslav"]
[Black "Rehurek, Karel"]
[Result "1-0"]
[WhiteElo "1947"]
[BlackElo "1755"]
[PlyCount "45"]
[EventDate "2020.08.23"]

1. c4 Nf6 2. Nc3 g6 3. g3 Bg7 4. Bg2 c6 5. e4 d6 6. Nge2 O-O 7. O-O Be6 8. d3
d5 9. Nf4 d4 10. Nxe6 fxe6 11. Ne2 e5 12. h3 Na6 13. Rb1 Nc7 14. b4 b5 15. cxb5
cxb5 16. Qb3+ Kh8 17. f4 e6 18. fxe5 Nd7 19. Rxf8+ Qxf8 20. Nxd4 Bxe5 21. Nxe6
Nxe6 22. Qxe6 Bxg3 23. Bb2+ 1-0

[Event "Veletrzni turnaj 2020"]
[Site "Brno"]
[Date "2020.08.28"]
[Round "7.5"]
[White "Stehlik, Jiri"]
[Black "Vavrinkova, Anna"]
[Result "1/2-1/2"]
[WhiteElo "1945"]
[BlackElo "1657"]
[PlyCount "30"]
[EventDate "2020.08.23"]

1. Nf3 c5 2. c4 Nc6 3. Nc3 Nf6 4. g3 e6 5. Bg2 Be7 6. O-O O-O 7. d4 cxd4 8.
Nxd4 a6 9. b3 Qb6 10. Nc2 d6 11. e4 Rd8 12. Bb2 Qc7 13. h3 b6 14. Qe2 Bb7 15.
Rfd1 Rac8 1/2-1/2

[Event "Veletrzni turnaj 2020"]
[Site "Brno"]
[Date "2020.08.28"]
[Round "7.6"]
[White "Lazniewski, Tadeusz"]
[Black "Simbera, Jiri"]
[Result "1/2-1/2"]
[WhiteElo "1392"]
[BlackElo "2038"]
[PlyCount "111"]
[EventDate "2020.08.23"]

1. e4 b6 2. d4 Bb7 3. Nc3 e6 4. Nf3 Bb4 5. Bd2 Bxc3 6. Bxc3 Bxe4 7. Bd3 Bxd3 8.
Qxd3 Nf6 9. O-O-O a5 10. Rde1 d5 11. Ne5 Qd6 12. f4 Ne4 13. Rhf1 f5 14. Qh3 Qf8
15. g4 Nd7 16. gxf5 Qxf5 17. Qg2 g6 18. Kb1 Ndf6 19. Qf3 Nh5 20. Nd3 O-O 21.
Re2 Kh8 22. Be1 Nhf6 23. Rg2 Qh5 24. Qxh5 Nxh5 25. Bg3 Rf5 26. Kc1 Raf8 27. Rf3
g5 28. Rg1 Nxf4 29. Bxf4 gxf4 30. Rg4 c5 31. Rgxf4 cxd4 32. Rxf5 Rxf5 33. Rxf5
exf5 34. Nf4 Nf6 35. Ne6 Ng4 36. Nxd4 Nxh2 37. Nxf5 Nf3 38. Ne3 d4 39. Nc4 h5
40. Kd1 Kg7 41. Ke2 b5 42. Nxa5 Ne5 43. Nb3 Nc6 44. Nd2 Nb4 45. Nf3 Nxc2 46.
Kd3 Nb4+ 47. Kxd4 Nxa2 48. Kc5 b4 49. Kc4 Nc1 50. Kxb4 Nd3+ 51. Kc3 Nxb2 52.
Kxb2 Kg6 53. Kc2 Kf5 54. Kd3 Kf4 55. Ke2 Kg3 56. Ke3 1/2-1/2

[Event "Veletrzni turnaj 2020"]
[Site "Brno"]
[Date "2020.08.28"]
[Round "7.7"]
[White "Pokladnik, Martin"]
[Black "Haupt, Jaromir"]
[Result "1-0"]
[WhiteElo "2001"]
[BlackElo "1719"]
[PlyCount "57"]
[EventDate "2020.08.23"]

1. e4 d6 2. d4 Nf6 3. Nc3 g6 4. Be3 c6 5. Qd2 Nbd7 6. O-O-O Qa5 7. Kb1 b5 8.
Bd3 b4 9. Nce2 Ng4 10. h4 Nxe3 11. fxe3 h5 12. Nf3 Nf6 13. e5 Ng4 14. Nc1 Bh6
15. Nb3 Qb6 16. Rhe1 Be6 17. exd6 exd6 18. Ng5 Bxg5 19. hxg5 a5 20. Be4 O-O 21.
Bf3 Bxb3 22. cxb3 a4 23. Bxg4 hxg4 24. Qf2 axb3 25. axb3 f5 26. gxf6 Kf7 27.
Qf4 Rad8 28. Qh6 Kxf6 29. Rf1+ 1-0

[Event "Veletrzni turnaj 2020"]
[Site "Brno"]
[Date "2020.08.28"]
[Round "7.8"]
[White "Vaculik, Martin"]
[Black "Pribyl, Rene"]
[Result "1/2-1/2"]
[WhiteElo "1795"]
[BlackElo "1950"]
[PlyCount "95"]
[EventDate "2020.08.23"]

1. e4 e5 2. Nf3 Nf6 3. Nxe5 d6 4. Nf3 Nxe4 5. Nc3 Nxc3 6. dxc3 Be7 7. Be3 O-O
8. Qd2 Bg4 9. O-O-O Nd7 10. h3 Bxf3 11. gxf3 c6 12. h4 d5 13. h5 Ne5 14. f4 Nc4
15. Bxc4 dxc4 16. Qd7 Rb8 17. Bxa7 Ra8 18. Qxd8 Rfxd8 19. Rxd8+ Bxd8 20. Bc5
Rxa2 21. Kb1 Ra5 22. Re1 f6 23. Re8+ Kf7 24. Rxd8 Rxc5 25. Rd7+ Ke6 26. Rxg7
Rxh5 27. Rxb7 Kf5 28. Rb4 Kxf4 29. Rxc4+ Kf3 30. Rxc6 f5 31. b4 f4 32. c4 Kxf2
33. b5 Rf5 34. b6 Rf8 35. b7 Rb8 36. Rc7 h5 37. c5 h4 38. c6 h3 39. Rh7 Kg2 40.
Rg7+ Kf2 41. Rh7 Kg2 42. Rxh3 Kxh3 43. Ka2 Kg2 44. c7 Rxb7 45. c8=Q Rg7 46. c4
f3 47. Qc6 Rg3 48. Qd5 1/2-1/2

[Event "Veletrzni turnaj 2020"]
[Site "Brno"]
[Date "2020.08.28"]
[Round "7.9"]
[White "Wunsch, Radek"]
[Black "Prokop, Jiri"]
[Result "1-0"]
[WhiteElo "1902"]
[BlackElo "1680"]
[PlyCount "57"]
[EventDate "2020.08.23"]

1. e4 d6 2. d4 Nf6 3. Nc3 g6 4. f4 Bg7 5. Nf3 O-O 6. Bd3 c6 7. O-O Qc7 8. Qe2
a6 9. a4 Nbd7 10. e5 dxe5 11. fxe5 Nd5 12. Nxd5 cxd5 13. e6 Nf6 14. exf7+ Rxf7
15. Ne5 Rf8 16. a5 Nd7 17. Rxf8+ Nxf8 18. Nf3 Bg4 19. c3 Re8 20. h3 Bd7 21. Bd2
e5 22. dxe5 Bxe5 23. Nxe5 Qxe5 24. Qf2 Qg7 25. Rf1 Re7 26. c4 Bc6 27. Bc3 Qh6
28. Bb4 Re8 29. Qf7+ 1-0

[Event "Veletrzni turnaj 2020"]
[Site "Brno"]
[Date "2020.08.28"]
[Round "7.10"]
[White "Kucera, David"]
[Black "Marsa, Alexandr"]
[Result "0-1"]
[WhiteElo "1388"]
[BlackElo "1871"]
[PlyCount "72"]
[EventDate "2020.08.23"]

1. d4 d5 2. Bf4 Nf6 3. e3 g6 4. h3 Bg7 5. Nf3 c5 6. c3 Nbd7 7. Nbd2 O-O 8. Bd3
b6 9. O-O Bb7 10. Bh2 Qc8 11. Re1 Ne4 12. Ne5 Nxe5 13. dxe5 Qe6 14. f4 f6 15.
Bxe4 dxe4 16. exf6 exf6 17. c4 Rfd8 18. Qc2 Rd3 19. Nf1 f5 20. Rec1 Rad8 21.
Bg3 Qd7 22. Bh4 Re8 23. Be1 Bc6 24. Rab1 Bf6 25. Qe2 Rd8 26. Qc2 a5 27. b3 Qg7
28. a4 g5 29. Qf2 g4 30. h4 Bc3 31. g3 Bb4 32. Qe2 Ba3 33. Rc2 Qd7 34. Ra2 Bb4
35. Bxb4 cxb4 36. Raa1 Qd6 0-1

[Event "Veletrzni turnaj 2020"]
[Site "Brno"]
[Date "2020.08.28"]
[Round "7.11"]
[White "Dvoracek, Jan Matyas"]
[Black "Zuziak, Petr"]
[Result "1-0"]
[WhiteElo "1761"]
[BlackElo "1861"]
[PlyCount "51"]
[EventDate "2020.08.23"]

1. e4 g6 2. d4 c6 3. Be3 Bg7 4. Nc3 d5 5. e5 Nh6 6. Be2 f6 7. f4 O-O 8. Qd2 Ng4
9. Bxg4 Bxg4 10. h3 Bc8 11. Nf3 e6 12. O-O-O f5 13. g4 Nd7 14. gxf5 Rxf5 15. h4
Nb6 16. b3 a5 17. h5 Rxh5 18. Rxh5 gxh5 19. Rg1 Qe7 20. f5 Kh8 21. f6 Bxf6 22.
exf6 Qxf6 23. Bf4 Nd7 24. Ne5 Nf8 25. Nf7+ Qxf7 26. Be5+ 1-0

[Event "Veletrzni turnaj 2020"]
[Site "Brno"]
[Date "2020.08.28"]
[Round "7.13"]
[White "Zeman, Arnost"]
[Black "Nekvasil, Radek"]
[Result "1-0"]
[WhiteElo "1842"]
[BlackElo "1735"]
[PlyCount "63"]
[EventDate "2020.08.23"]

1. c4 c5 2. Nc3 Nf6 3. Nf3 e6 4. e4 d5 5. cxd5 exd5 6. e5 Ne4 7. Nxe4 dxe4 8.
Qa4+ Bd7 9. Qxe4 Bc6 10. Qe3 Be7 11. Be2 O-O 12. O-O Re8 13. b3 Nd7 14. Bb2 Bf6
15. Rfe1 Nxe5 16. Nxe5 Bxe5 17. Bxe5 f6 18. Qxc5 fxe5 19. Bc4+ Kh8 20. Rxe5 Qf6
21. Rae1 Rf8 22. Qe3 Rad8 23. Bf1 h6 24. h3 a6 25. Re6 Qh4 26. a4 Rd5 27. g3
Rg5 28. Kh2 Qh5 29. f4 Rc5 30. Bc4 Qf5 31. Qd4 b5 32. Rxh6+ 1-0

[Event "Veletrzni turnaj 2020"]
[Site "Brno"]
[Date "2020.08.28"]
[Round "7.14"]
[White "Snorek, Milan"]
[Black "Zikan, Karel"]
[Result "1-0"]
[WhiteElo "1963"]
[BlackElo "1646"]
[PlyCount "55"]
[EventDate "2020.08.23"]

1. d4 Nf6 2. c4 e6 3. g3 d5 4. Bg2 Bb4+ 5. Bd2 Qe7 6. Nf3 O-O 7. O-O Nbd7 8.
Bg5 (8. Qc2 {0,62}) 8... c6 9. c5 Ba5 10. e4 (10. Bf4 e5 11. Nxe5 Nxe5 12. Bxe5
Re8 {0,69}) 10... dxe4 11. Nfd2 (11. Ne5 {-0,13}) 11... Bc7 12. Re1 h6 13. Bxf6
Nxf6 14. Nxe4 Nxe4 15. Bxe4 Rd8 {-0,55} 16. Bc2 Qf6 17. Qd3 g6 18. Re4 e5 19.
Qe3 Bf5 20. dxe5 Bxe5 (20... Qe7 21. Bb3 Kg7 {-0,95}) 21. Rxe5 Bxc2 22. Na3 Bf5
{0,42} 23. Re1 Kg7 24. Nc4 Be6 25. Nd6 Rab8 26. f4 {0,92} b6 27. Qc3 bxc5 28.
Ne4 1-0

[Event "Veletrzni turnaj 2020"]
[Site "Brno"]
[Date "2020.08.28"]
[Round "7.15"]
[White "Tajovsky, Simon"]
[Black "Sikora, Lukas"]
[Result "0-1"]
[WhiteElo "1624"]
[BlackElo "1946"]
[PlyCount "38"]
[EventDate "2020.08.23"]

1. d4 Nf6 2. c4 e5 3. dxe5 Ng4 4. Nf3 Bc5 5. e3 Nc6 6. Be2 Qe7 7. O-O Ncxe5 8.
Nc3 c6 9. Nd4 Qh4 10. h3 Nh6 11. e4 d6 12. Be3 g5 13. Qd2 Rg8 14. Nf3 Nxf3+ 15.
Bxf3 g4 16. Bxg4 Bxg4 17. hxg4 Nxg4 18. Bf4 Rg5 19. Bg3 Qxg3 0-1